Biskut & kek Singapura. 3

Bibliographic Details
Main Author: Aini Salim (Author)
Format: Book
Language:Malay
Published: Kuala Lumpur : Utusan Publication & Distributions 2013
Subjects:

MARC

LEADER 00000cam a2200000 7i4500
001 0000027882
005 20241120.0
008 180313 my o may
020 |a 9789676126313 
040 |a INS   |b eng   |e rda 
090 0 0 |a TX772   |b A46 2009 
100 0 |a Aini Salim ,   |e author 
245 1 0 |a Biskut & kek Singapura. 3   |c Aini Salim 
264 1 |a Kuala Lumpur :   |b Utusan Publication & Distributions   |c 2013 
264 4 |c ©2013 
300 |a 92 pages :   |b color photographs, illustrations ;   |c 30 cm. 
336 |a text  |2 rdacontent 
337 |a unmediated  |2 rdamedia 
338 |a volume  |2 rdacarrier 
650 0 |a Baked products 
650 0 |a Cake 
650 0 |a Cookies 
650 0 |a Recipes   |z Singapore 
999 |a 1000003296   |b BOOK   |c Open Shelf   |e Default branch